00382nam a22001217a 4500020001800000040000900018082001500027100002500042110003400067245007200101260003800173650004900211 a9789332518407 cNUST a004.16 MAZ aMazidi, Muhammad Ali aNaimi, Sarmad. Naimi, Sepehr aThe AVR Microcontroller and Embedded Systems:bUsing Assembly and C aIndia:bPearson Education,c2014. aThe AVR Microcontroller and Embedded Systems